000 00313nam a2200121Ia 4500
008 180219s9999 xx 000 0 und d
020 _a781761506
100 _aMuscari, Mary E.
245 _aPediatric Nursing /
250 _a3rd ed
260 _aSan Juan City
_bC & E publishing
_c2001
300 _avii, 414 pages
999 _c355962
_d355962